| 000 | 00501nam a2200181Ia 4500 | ||
|---|---|---|---|
| 001 | 13828 | ||
| 005 | 20260306164829.0 | ||
| 008 | 260306t2005||||xx |||||||||||||| ||spa|| | ||
| 041 | _aESP | ||
| 082 |
_a005.369 _bL25 |
||
| 100 |
_aLarman, Craig _eAUT |
||
| 245 | 0 |
_aApplying UML and patterns: _ban introduction to object-oriented analysis and design and iterative development |
|
| 260 | _c2005 | ||
| 300 |
_a703 páginas : _c26 cm. |
||
| 650 | _aGEN | ||
| 654 | _aCCC | ||
| 942 |
_cLIB _dJUS _fJUS _2ddc _n |
||
| 999 |
_c13828 _d13828 |
||